- Homosexualidad
Entrada Tema o Materia
Número de registros utilizados en: 2
001 - NUMERO DE CONTROL
- Campo de control: 6984
003 - IDENTIFICADOR DEL NUMERO DE CONTROL
- Campo de control: SpMaBN
005 - HORA Y FECHA DE LA ULTIMA TRANSACCIÓN
- Campo de control: 20220628174704.0
008 - CAMPO DE LONGITUD FIJA
- Campo fijo de descripción fija: 001215 n anznnbabn |a ana
016 ## -
- : BNE20004382737
024 7# -
- : http://id.loc.gov/authorities/subjects/sh85061783
- : lcsh
024 7# -
- : http://data.bnf.fr/ark:/12148/cb12329216g
- : rameau
040 ## -
- : SpMaBN
- : spa
- : SpMaBN
- : rdc
- : embne
042 ## -
- : 20100706
080 ## -
- : 613.885:2
- : 2015
150 ## - ENCABEZAMIENTO DE MATERIA-TEMA
- Téma o Materia: Homosexualidad
- Subdivisión General: Aspectos religiosos
360 ## - REFERENCIA COMPLEJA DE "VÉASE ADEMÁS" - MATERIA
- Texto explicativo: Véase además el encabezamiento
- Encabezamiento hacia el que refiere el envío: Homosexualidad-Aspectos religiosos
- Texto explicativo: seguido de subencabezamiento de denominación religiosa
- Encabezamiento hacia el que refiere el envío: Homosexualidad-Aspectos religiosos-Cristianismo
550 ## - REFERENCIA DE ENVIO "VEASE ADEMAS" - MATERIA
- Subcampo de control: g
- Encabezamiento temático o nombre geográfico como elemento de entrada: Sexualidad
- Subdivisión General: Aspectos religiosos
550 ## - REFERENCIA DE ENVIO "VEASE ADEMAS" - MATERIA
- Subcampo de control: h
- Encabezamiento temático o nombre geográfico como elemento de entrada: Lesbianismo
- Subdivisión General: Aspectos religiosos
550 ## - REFERENCIA DE ENVIO "VEASE ADEMAS" - MATERIA
- Encabezamiento temático o nombre geográfico como elemento de entrada: Clero homosexual
550 ## - REFERENCIA DE ENVIO "VEASE ADEMAS" - MATERIA
- Encabezamiento temático o nombre geográfico como elemento de entrada: Homosexualidad en la Biblia
550 ## - REFERENCIA DE ENVIO "VEASE ADEMAS" - MATERIA
- Encabezamiento temático o nombre geográfico como elemento de entrada: Programas de reorientación sexual
670 ## - FUENTE EN LA QUE SE LOCALIZARON DATOS
- Cita de la fuente : LCSH
- Información localizada : (Homosexuality-Religious aspects)
670 ## - FUENTE EN LA QUE SE LOCALIZARON DATOS
- Cita de la fuente : RAMEAU
- Información localizada : (Homosexualité-Aspect religieux)
670 ## - FUENTE EN LA QUE SE LOCALIZARON DATOS
- Cita de la fuente : CSIC
- Información localizada : (Homosexualidad-Aspectos religiosos)
750 #7 - ASIENTO LIGADO AL ENCABEZAMIENTO - TEMATICO
- Encabezamiento temático : Homosexualité-Aspect religieux
- Source of heading or term: rameau
750 #7 - ASIENTO LIGADO AL ENCABEZAMIENTO - TEMATICO
- Encabezamiento temático : Homosexuality-Religious aspects
- Source of heading or term: lcsh
901 ## -
- : LAEMBNE
